01015cam a22002895a 4500003000400000005001700004008004100021020001800062035002400080035002100104040004400125043001200169082002300181100002000204245003700224260004600261300002100307504005100328600002900379610005000408650005700458651001000515653002200525942000800547999001700555952015300572OSt20170321102230.0140113s2014 enk frb 001 0beng d a9781780767857 a(OCoLC)ocn867081392 a(OCoLC)867081392 aCaPaEBRbengcCaPaEBRdWaSeSSdEG-ScBUE af-sa---04a322.42092bMAN2221 aMangcu, Xolela.10aBiko :ba life /cXolela Mangcu. aLondon ;aNew York :bI. B.Tauris,c2014. a348 p. ;c24 cm. aIncludes bibliographical references and index.10aBiko, Steve,d1946-1977.20aBlack Consciousness Movement of South Africa. 7aPolitical activistszSouth AfricavBiography.2BUEsh 2BUEsh bBUSBOLcMarch2017 2ddc c24495d24467 00102ddc40708AUCaMAINbMAINc1STd2017-03-21ePurchaseg30.00h1700l1m1o322.42092 MANp000041425r2025-07-15 00:00:00s2019-10-27v37.50yBB